Paises Ganadores del Festival de Eurovision por año - Estadísticas

Estadísticas generales
  • Esta prueba ha sido intentada 271 veces
  • La puntuación promedio es 31 de 64
Estadísticas de respuestas
Año Ganador % Correcto
1969 España
83%
1968 España
82%
1956 Suiza
72%
2012 Suecia
69%
2016 Ucrania
69%
1969 Francia
68%
2009 Noruega
68%
2015 Suecia
67%
2010 Alemania
65%
2014 Austria
65%
2006 Finlandia
65%
2001 Estonia
64%
2011 Azerbaiyan
63%
2002 Letonia
63%
2013 Dinamarca
62%
2008 Rusia
62%
1969 Paises Bajos
60%
1958 Francia
59%
2007 Serbia
59%
2004 Ucrania
59%
2005 Grecia
57%
1969 Reino Unido
56%
2003 Turquia
56%
1994 Irlanda
54%
1992 Irlanda
53%
1993 Irlanda
53%
1957 Paises Bajos
53%
2000 Dinamarca
52%
1996 Irlanda
51%
1974 Suecia
51%
1960 Francia
50%
1998 Israel
50%
1961 Luxemburgo
46%
1999 Suecia
46%
1962 Francia
45%
1959 Paises Bajos
44%
1979 Israel
42%
1970 Irlanda
41%
1997 Reino Unido
41%
1980 Irlanda
40%
1987 Irlanda
40%
1990 Italia
40%
1978 Israel
39%
1995 Noruega
39%
1967 Reino Unido
39%
1989 Yugoslavia
39%
1965 Luxemburgo
37%
1973 Luxemburgo
36%
1991 Suecia
36%
1964 Italia
35%
1988 Suiza
35%
1972 Luxemburgo
34%
1963 Dinamarca
32%
1971 Monaco
32%
1966 Austria
31%
1982 Alemania
29%
1977 Francia
29%
1983 Luxemburgo
28%
1984 Suecia
28%
1986 Belgica
27%
1985 Noruega
25%
1975 Paises Bajos
25%
1981 Reino Unido
24%
1976 Reino Unido
23%
No se encontraron pruebas coincidentes
Distribución de puntuación
Porcentaje de gente con cada puntuación
Porcentaje por número respondido
Historial de tus puntuaciones
No has intentado esta prueba.